| 000 | 01390nam0a2200325 4500 | ||
|---|---|---|---|
| 001 | RU\NLR\BIBL_A\011496963 | ||
| 005 | 20241105201609.0 | ||
| 010 |
_a9785786801201 _9300 |
||
| 021 |
_aRU _b2017-70214 _94988 |
||
| 035 | _a(RuMoRGB)009395899 | ||
| 035 | _a(NLR Aleph) 011496963 | ||
| 090 |
_a11976601 _c11976601 |
||
| 100 | _a20171016d2017 u y0rusy50 ca | ||
| 101 | 0 | _arus | |
| 102 | _aRU | ||
| 105 | _aa z 0 zy | ||
| 200 | 1 |
_aВременное высшее церковное управление Сибири (1918-1920 гг.) _eопыт церковного строительства в эпоху гражданского лихолетья _fД. В. Олихов |
|
| 210 |
_aСанкт-Петербург _cСатис _d2017 |
||
| 215 |
_a220, [1] с. _cил., портр., факс. _d21 |
||
| 225 | 1 | _aРоссия в 1917 году | |
| 320 | _aБиблиогр.: с. 186-206 | ||
| 601 | 0 | 2 |
_aВременное высшее церковное управление Сибири _92364557 _3RU\NLR\AUTH\6601633921 |
| 686 | 2 | _aЭ372.24-39(2Р5)71.1 | |
| 700 | 1 |
_aОлихов _bД. В. _gДмитрий Владимирович |
|
| 942 | _cBOOK | ||
| 980 | _aNBR | ||